| 000 | 00405nam a2200157 4500 | ||
|---|---|---|---|
| 999 |
_c2540 _d2540 |
||
| 008 | 200309b ||||| |||| 00| 0 eng d | ||
| 020 | _a0273316680 | ||
| 082 | 0 | 0 |
_a658.5421 _b D141 |
| 100 |
_92131 _aDales, Harold E. |
||
| 245 | 1 | 0 |
_aWork measurement / _cby Harold E. Dales |
| 250 | _a1st ed. | ||
| 260 |
_aLondon _bPitman _c1972 |
||
| 300 | _axii, 353 p. | ||
| 650 | 0 | _aWork measurement | |
| 942 |
_2ddc _cBK |
||